Match the Countries, Capitals, Flags and Shapes - Statistics

General Stats
  • This quiz has been taken 561 times
  • The average score is 7 of 12
Answer Stats
Hint Answer % Correct
Denmark
69%
Spain
66%
Peru
65%
Argentina
64%
Wellington
60%
60%
Zagreb
59%
Lithuania Vilnius
57%
Kabul Afghanistan
55%
Kathmandu
51%
46%
Libreville
44%
No matching quizzes found
Score Distribution
Percent of People with Each Score
Percentile by Number Answered
Your Score History
You have not taken this quiz